000 01172nam0a22003251 4500
001 rc\2142667
005 20250623015603.0
035 _a(NLR Aleph) 006520557
090 _a6425520
_c6425520
100 _a20110826d1978 |||y0rusy50 ca
101 1 _arus
_clak
102 _aRU
105 _ay z |||a|
200 1 _aПахлеван
_eСтихи и поэма
_fСалимат Курбанова
_gПер. с лак. [Т. Жирмунской и А. Павлова]
210 _aМосква
_cСовременник
_d1978
215 _a79 с.
_d16
327 1 _aСодерж.: Стихи; Закир: Поэма
464 0 _12001#$aСтихи$aЗакир$eПоэма
_tЗакир
686 _aШ5(2-Р)75-657я43
_2rubbk
686 _aШ5(2-Лак)7-65я44
_2rubbk
700 1 _aКурбанова
_bС. Б.
_f1920-2010
_gСалимат Буттаевна
_9236279
_3RU\NLR\AUTH\770236335
702 1 _aПавлова
_bА.
_4730
702 1 _aЖирмунская
_bТ.
_4730
801 0 _aRU
_bNLR
_gpsbo
801 1 _aRU
_bELAR
_2rusmarc
852 _aNLR
_j78-2/3231
899 _aRuMoRGB
_jБ 78-43/859
899 _aRuMoRGB
_jБ 78-43/860
942 _cBOOK
980 _aNB